01006nam a2200241 a 450000100100000000500170001000800410002704000250006808200200009310000540011324500600016726000410022730000200026849000530028865000280034165000310036983000640040091000370046404900090050195201180051095201190062899900170074700001411520240412074240.0091204s1962 dr 001 p spa d aDO-SdBNPbspacBNPHU aRD861.44bC322v1 aCartagena Portalatín, Aída,d1918-199492355713aLa voz desatada :bpoemas /cAida Cartagena Portalatin. aSanto Domingo :bLa Nación,c1962. a38 p. ;c24 cm.1 aBaluarte.pEdiciones Brigadas Dominicanasvno. 7 0aPoesía dominicana966 0aLiteratura dominicana.967 0aBaluartevno. 7pEdiciones Brigadas Dominicanasno. 7931942 aValidado. Control de calidad MFF aBNPD 0010718PDaPDbPDcHDd2009-12-04iLF1l0oRD861.44 C322vp14115-10r2020-06-25w2020-06-25yLFPDZNo se presta 00107-18PDaPDbPDcOId2015-05-25iLF1l0oRD861.44 C322vp14115-20r2020-06-25w2020-06-25yLFPDZNo se presta c13717d13717